الشرق و الغرب نحو حوار حضاري إنساني / (رقم التسجيلة. 135530)

تفاصيل مارك
000 -LEADER
fixed length control field 00701nam a22002177a 4500
005 - DATE AND TIME OF LATEST TRANSACTION
control field 20251108175509.0
008 - FIXED-LENGTH DATA ELEMENTS--GENERAL INFORMATION
fixed length control field 250721s2016 xx 000 0 ara d
082 14 - DEWEY DECIMAL CLASSIFICATION NUMBER
Classification number 291/طيب
100 1# - MAIN ENTRY--PERSONAL NAME
Personal name الطيب، احمد
111 2# - MAIN ENTRY--MEETING NAME
Meeting name or jurisdiction name as entry element أعمال لقاء فلورنسا
Location of meeting فلورنسا
Date of meeting 21-22 شعبان 2015 م
245 10 - TITLE STATEMENT
Title الشرق و الغرب نحو حوار حضاري إنساني /
264 1# - PRODUCTION, PUBLICATION, DISTRIBUTION, MANUFACTURE, AND COPYRIGHT NOTICE
Place of production, publication, distribution, manufacture دبي :
Name of producer, publisher, distributor, manufacturer مجلس حكماء المسلمين،
Date of production, publication, distribution, manufacture, or copyright notice 2016.
300 ## - PHYSICAL DESCRIPTION
Extent 300 ص.
650 17 - SUBJECT ADDED ENTRY--TOPICAL TERM
Topical term or geographic name as entry element الحضارة الإسلامية
650 17 - SUBJECT ADDED ENTRY--TOPICAL TERM
Topical term or geographic name as entry element الغرب
650 17 - SUBJECT ADDED ENTRY--TOPICAL TERM
Topical term or geographic name as entry element الشرق
650 17 - SUBJECT ADDED ENTRY--TOPICAL TERM
Topical term or geographic name as entry element الأديان
653 ## - INDEX TERM--UNCONTROLLED
Uncontrolled term الدين المقارن
942 ## - ADDED ENTRY ELEMENTS (KOHA)
Source of classification or shelving scheme Dewey Decimal Classification
Koha item type كتب
المقتنيات
حالة السحب حالة الفقدان مصدر التصنيف حالة التلف غير قابل للإعارة المكتبة الرئيسية المكتبة الحالية موقع الرف تاريخ التزويد الرقم المتسلسل Total Checkouts رقم الإستدعاء الباركود تاريخ آخر ظهور تاريخ الفاتورة نوع المادة (كوها)
    Dewey Decimal Classification     المكتبة المركزية المكتبة المركزية الإعارة 28/07/2025 1644953   291/طيب PLD00397272 28/07/2025 28/07/2025 كتب
    Dewey Decimal Classification     مكتبة أبو علندا العامة مكتبة أبو علندا العامة الإعارة 20/11/2016 1644956   291/طيب PLD00399690 28/07/2025 20/11/2016 كتب
    Dewey Decimal Classification     مكتبة الجويدة مكتبة الجويدة الإعارة 20/11/2016 1644954   291/طيب PLD00399688 28/07/2025 20/11/2016 كتب
    Dewey Decimal Classification     مكتبة حمزة العامة مكتبة حمزة العامة الإعارة 20/11/2016 1644955   291/طيب PLD00399689 28/07/2025 20/11/2016 كتب
Implemented & Customized by: BBB with SCIT (Smart Chains for Information Technology)

Powered by Koha